Name That Handheld Games Console - Statistics

General Stats
  • This quiz has been taken 58 times
    44 since last reset
  • The average score is 11 of 20
Answer Stats
Company Year First Released Handheld Console % Correct
Nintendo 2004 Nintendo DS
100%
Nintendo 1989 Game Boy
94%
Nintendo 2011 Nintendo 3DS
94%
Nintendo 2017 Switch
94%
Nintendo 2001 Game Boy Advance
91%
Sony 2004 PlayStation Portable
91%
Sony 2011 PlayStation Vita
88%
Nintendo 1980 Game & Watch series
70%
Sega 1990 Game Gear
64%
Atari 1989 Lynx
48%
Nokia 2003 N-Gage
42%
Sega 1995 Nomad
33%
Bandai 1999 WonderSwan
27%
Tiger 1997 Game.com
24%
SNK 1998 Neo Geo Pocket
24%
Tiger Telematics 2005 Gizmondo
21%
Tapwave 2003 Zodiac
18%
Milton Bradley 1979 Microvision
15%
Blaze Entertainment 2020 Evercade
12%
Nintendo 2001 Pokemon Mini
12%
No matching quizzes found
Score Distribution
Percent of People with Each Score
Percentile by Number Answered
Your Score History
You have not taken this quiz since the last reset